000 00601nam a2200181Ia 4500
003 GCL
008 140319s9999 xx 000 0 ara d
040 _aGCL /
_cGCL
082 0 4 _aق
_b913.031
_bا س
100 1 _aاسامة السعداوى
245 1 0 _aسر الفراعنة وعلم الفلك سر طريقة بناء الاهرامات نفطة الصفر لحساب الزمن عبر التاريخ /
_cاسامة السعداوى
300 _a111 ص
490 _a
650 0 4 _aالاثار الفرعونية
650 0 4 _aالاهرام
650 0 4 _aالاثار
942 _2ddc
_cBK
999 _c52288
_d52288